000 01294nam0a2200325 4500
001 RU\NLR\ONL2\10239
005 20260412043847.0
035 _a(NLR Aleph) 009657828
090 _a13652773
_c13652773
100 _a20080710d1957 d y0rusy50 ca
101 0 _aaze
102 _aAZ
105 _aa |||||||||
200 1 _aАзәрбаjҹан мәктәбләринин 4-5-ҹи синифләри үчүн фарс дили дәрслиjи
_fАзәри Ә., Әлизадә h.
210 _aБакы
_cАзэрнэшр
_d1957
215 _a300 с.
_cил.
_d22
300 _aЗагл. также на перс. яз.
541 1 _6z01790
_aПерсидский язык
_eдля 4-5 кл. азербвйджанской школы
_zrus
606 0 _9Учебные издания для средней школы
_aПерсидский язык
_2nlr-sh2
_2nlr-sh1
_3RU\NLR\auth\66400906
686 1 _aШ152.311-922
700 1 _aАзәри
_bӘ. И.
_gӘли Исмаjыл оғлу
_4070
701 1 _aӘлизадә
_bh. Э.
_ghэсэн Эли оглу
_4070
790 1 _6z01541
_aАзери
_bА.
_gАли
_4070
801 0 _aRU
_bNLR
_c20080710
_gPSBO
852 _aNLR
_bОНЛ
_jАзерб./3-5331
942 _cBOOK
980 _aONL_RF
980 _aNB